Discussion on problems of the formation and measurement of the entrepreneurial environment
Medzinárodné teórie vzniku, rozvoja a podmienok fungovania podnikateľských subjektov. Súčasné teoretické východiska v oblasti podmienok podnikania (širší a užší pohľad). Konkrétne kľúčové faktory ohraničujúce koncepciu pre zjednodušenie a zrýchlenie procedúr podnikateľskej činnosti zo strany inštitú...
Uložené v:
| Hlavný autor: | |
|---|---|
| Médium: | Kapitola |
| Jazyk: | Slovak |
| Predmet: | |
| Tagy: |
Žiadne tagy, Buďte prvý, kto otaguje tento záznam!
|
MARC
| LEADER | 00000nla a2200000 4500 | ||
|---|---|---|---|
| 001 | 0226947 | ||
| 005 | 20240527074552.2 | ||
| 041 | 0 | |a slo | |
| 044 | |a CZ | ||
| 245 | 1 | 0 | |a Discussion on problems of the formation and measurement of the entrepreneurial environment |c Andrej Kovalev |
| 520 | |a Medzinárodné teórie vzniku, rozvoja a podmienok fungovania podnikateľských subjektov. Súčasné teoretické východiska v oblasti podmienok podnikania (širší a užší pohľad). Konkrétne kľúčové faktory ohraničujúce koncepciu pre zjednodušenie a zrýchlenie procedúr podnikateľskej činnosti zo strany inštitúcii štátnej a verejnej správy. | ||
| 610 | 2 | 0 | |a prostredie podnikateľské |
| 610 | 2 | 0 | |a podnikanie |
| 610 | 2 | 0 | |a rozvoj hospodársky |
| 610 | 2 | 0 | |a terminológia |
| 100 | 1 | |a Kovalev, Andrej | |